| 000 | 00330nam a2200121Ia 4500 | ||
|---|---|---|---|
| 005 | 20251028132340.0 | ||
| 008 | 251020t2005||||xx |||||||||||||| ||spa|| | ||
| 041 | _aspa | ||
| 100 | _aPrada Córdova, José Mario | ||
| 245 | 0 | _aLos procesos constitucionales en el nuevo codigo procesal constitucional | |
| 260 | _c2005 | ||
| 942 |
_CLB _cLB |
||
| 999 |
_c768 _d768 |
||